000 01012cam a2200397 4500500
005 20260329004556.0
041 _afre
042 _adc
100 1 0 _aSorente, Isabelle
_eauthor
245 0 0 _aLe goût de la vie
260 _c2020.
500 _a66
690 _aAnnie Le Brun
690 _aAristippe
690 _aBonheur
690 _aCatherine Malabou
690 _aCovid-19
690 _aDorian Astor
690 _aFrançois Jullien
690 _aHédonisme
690 _aHegel
690 _aJeunesse
690 _aJoie
690 _aKierkegaard
690 _aMort
690 _aNégatif
690 _aNietzsche
690 _aPhilippe Mangeot
690 _aPlaisir
690 _aRévolte
690 _aRituel
690 _aRomantisme
690 _aVincent Delecroix
786 0 _nPhilosophie magazine | 140 | 7 | 2020-07-01 | p. 22-22 | 1951-1787
856 4 1 _uhttps://shs.cairn.info/magazine-philosophie-magazine-2020-7-page-22?lang=fr&redirect-ssocas=7080
999 _c1835265
_d1835265